Counties that Start with R - Statistics

General Stats
  • This quiz has been taken 84 times
  • The average score is 38 of 112
Answer Stats
County State % Correct
Rich Utah
86%
Richmond Georgia | New York | North Carolina | Virginia
71%
Rock Minnesota | Nebraska | Wisconsin
71%
Roberts South Dakota | Texas
64%
Raleigh West Virginia
57%
Richland Illinois | Louisiana | Montana | +4 others
57%
Robertson Kentucky | Tennessee | Texas
57%
Ray Missouri
50%
Rockland New York
50%
Rutherford North Carolina | Tennessee
50%
Racine Wisconsin
43%
Rhea Tennessee
43%
Richardson Nebraska
43%
Riley Kansas
43%
Rogers Oklahoma
43%
Rusk Texas | Wisconsin
43%
Russell Alabama | Kansas | Kentucky | Virginia
43%
Ramsey Minnesota | North Dakota
36%
Randall Texas
36%
Randolph Alabama | Arkansas | Georgia | +5 others
36%
Real Texas
36%
Red River Louisiana | Texas
36%
Redwood Minnesota
36%
Rice Kansas | Minnesota
36%
Riverside California
36%
Rowan Kentucky | North Carolina
36%
Runnels Texas
36%
Rush Indiana | Kansas
36%
Rutland Vermont
36%
Rains Texas
29%
Rockbridge Virginia
29%
Rockcastle Kentucky
29%
Rockingham New Hampshire | North Carolina | Virginia
29%
Rock Island Illinois
29%
Ross Ohio
29%
Ralls Missouri
21%
Rawlins Kansas
21%
Red Lake Minnesota
21%
Reeves Texas
21%
Rensselaer New York
21%
Reynolds Missouri
21%
Rio Arriba New Mexico
21%
Rio Grande Colorado
21%
Roane Tennessee | West Virginia
21%
Roanoke Virginia
21%
Robeson North Carolina
21%
Roosevelt Montana | New Mexico
21%
Ransom North Dakota
14%
Rappahannock Virginia
14%
Reagan Texas
14%
Red Willow Nebraska
14%
Refugio Texas
14%
Renville Minnesota | North Dakota
14%
Republic Kansas
14%
Ripley Indiana | Missouri
14%
Rockdale Georgia
14%
Rockwall Texas
14%
Roger Mills Oklahoma
14%
Rooks Kansas
14%
Roseau Minnesota
14%
Rosebud Montana
14%
Rabun Georgia
7%
Radford Virginia
7%
Rankin Mississippi
7%
Rapides Louisiana
7%
Ravalli Montana
7%
Rio Blanco Colorado
7%
Ritchie West Virginia
7%
Rolette North Dakota
7%
Roscommon Michigan
7%
Routt Colorado
7%
Reno Kansas
0%
Ringgold Iowa
0%
No matching quizzes found
Score Distribution
Percent of People with Each Score
Percentile by Number Answered
Your Score History
You have not taken this quiz